000 nam a22 7a 4500
999 _c234165
_d234165
003 Nust
005 20170314165211.0
008 170314b xxu||||| |||| 00| 0 eng d
020 _a978-81-7622-192-4
040 _cASAB
082 _a632 MAL
245 _abiotechnology management
_cSangita Malvee
300 _a190 P
942 _2ddc
_cBK